000 006290000a22001930004500
090 _aAR
_b01082
245 1 0 _aEarly plant succession after cutting and burning in the upper río Negro region of the Amazon Basin
650 1 4 _aCambios vegetacionales
_993762
650 1 4 _aEcología vegetal
_9353
650 1 4 _aBotánica
_9361
651 4 _lRío Amazonas
_pVenezuela
_992749
041 0 _aInglés
700 1 _aClark, Kathleen
_994302
700 1 _aClark, L. Howard
_994303
700 1 _aMurphy, Peter G.
_992785
100 1 _aUhl, Christopher
_994304
942 _cARTICULO
773 1 _tJournal of Ecology
_3249
_q631-649
_d1981
_g69
999 _c10170
_d10170